• 首页
  • 本馆介绍
  • 公告通知
  • 最新文献
  • 馆藏检索
  • 电子资源
  • 读者导购
  • 参考咨询
  • 我的图书馆
  • 登录
  • 详细信息显示
  • 放入我的书架
  • 预约/预借图书
  • 作者相关作品
  • 分类相关作品
  • 丛书相关作品
  • 出版社相关作品

书目信息

  • 表格格式
  • 工作单格式
  • 卡片格式
题名:
黑河流域农业水资源利用效率与需求影响因素研究
    
 
作者: 王国峰 , 陈建成 , 邓祥征 征著
分册:  
出版信息: 北京   人民日报出版社  2018.2
页数: 198页
开本: 17cm
丛书名:
单 册:
中图分类: S279.24
科图分类:
主题词: 黑河--流域--农业资源--水资源利用--研究
电子资源:
ISBN: 978-7-5115-5339-3
000 01176nam0 2200241 450
001 5453
005 20181016084954.66
010    @a978-7-5115-5339-3@dCNY68.00
100    @a20180305d2018 em y0chiy0110 ea
101 0  @achi
102    @aCN@b110000
105    @ay z 000yy
200 1  @a黑河流域农业水资源利用效率与需求影响因素研究@9hei he liu yu nong ye shui zi yuan li yong xiao lv yu xu qiu ying xiang yin su yan jiu@f王国峰,陈建成,邓祥征著
210    @a北京@c人民日报出版社@d2018.2
215    @a198页@d17cm
330    @a水资源是人类生产与生活的重要资料,对社会经济发展起到至关重要的作用,在干旱半干旱地区水资源对人类的生产生活尤其重要。对这些地区农业水资源利用效率进行研究,是关系到国家“一带一路”战略安全实施的重要课题。本书对黑河流域绿洲农业水资源需求进行研究,通过构建水资源利用效率估算框架,识别调控研究区社会经济发展关键阈值,最终得出在干旱半干旱地区对农业水资源利用效率进行提升的有效措施。
606 0  @a黑河@x流域@x农业资源@x水资源利用@x研究
690    @aS279.24@v5
701  0 @a王国峰@9wang guo feng@4征著
701  0 @a陈建成@9chen jian cheng@4征著
701  0 @a邓祥征@9deng xiang zheng@4著
801  0 @aCN@b91CIP@c20180305
905    @aMuseLib@dS279.24@e55
    
    黑河流域农业水资源利用效率与需求影响因素研究/王国峰,陈建成,邓祥征著.-北京:人民日报出版社,2018.2
    198页;17cm
    
    
    ISBN 978-7-5115-5339-3:CNY68.00
    水资源是人类生产与生活的重要资料,对社会经济发展起到至关重要的作用,在干旱半干旱地区水资源对人类的生产生活尤其重要。对这些地区农业水资源利用效率进行研究,是关系到国家“一带一路”战略安全实施的重要课题。本书对黑河流域绿洲农业水资源需求进行研究,通过构建水资源利用效率估算框架,识别调控研究区社会经济发展关键阈值,最终得出在干旱半干旱地区对农业水资源利用效率进行提升的有效措施。
●
相关链接 在E读中查询图书 在五车中查询图书 在当当中查询图书 在豆瓣中查询图书


正题名:黑河流域农业水资源利用效率与需求影响因素研究     索取号:S279.24/55         预约/预借

序号 登录号 条形码 馆藏地/架位号 状态 备注
1 1129780   211297808   第二样本阅览室/ [索取号:S279.24/55] 在馆    
2 1129781   211297817   密集书库-生命科学系/ [索取号:S279.24/55] 在馆    
3 1129782   211297826   第三借阅区/ [索取号:S279.24/55] 在馆    
4 1129783   211297835   第三借阅区/ [索取号:S279.24/55] 在馆    
5 1129784   211297844   第三借阅区/ [索取号:S279.24/55] 在馆    
唐山师范学院图书馆 欢迎您!
大连网信软件有限公司© 版权所有